Countries In the Western Hemisphere - Sudden Death - Statistics

General Stats
  • This quiz has been taken 54 times
  • The average score is 13 of 19
Answers on the Grid
Answers color-coded by a green-red scale on the quiz's grid according to % correct below.
Andorra
Angola
Argentina
Barbados
Belgium
Benin
Canada
Cape Verde
Cuba
Egypt
Germany
Guinea
Honduras
Iceland
Ireland
Ivory Coast
Liberia
Mauritania
Mexico
Monaco
Morocco
Nigeria
Norway
Panama
Portugal
Seychelles
St. Lucia
Tunisia
United States
Uruguay
 
Answer Stats
Answer % Correct
Barbados
89%
Canada
86%
United States
86%
Argentina
84%
Mexico
84%
Uruguay
84%
Cuba
78%
Honduras
78%
Panama
78%
St. Lucia
78%
Portugal
59%
Iceland
57%
Morocco
57%
Ireland
54%
Cape Verde
51%
Guinea
43%
Ivory Coast
43%
Liberia
43%
Mauritania
38%
No matching quizzes found
Score Distribution
Percent of People with Each Score
Percentile by Number Answered
Your Score History
You have not taken this quiz